| 000 | 01126nam0a22002891 4500 | ||
|---|---|---|---|
| 001 | rc\4115322 | ||
| 005 | 20260407071501.0 | ||
| 021 |
_aRU _b[56-42812] |
||
| 035 | _a(NLR Aleph) 008148452 | ||
| 090 |
_a7773927 _c7773927 |
||
| 100 | _a20130415d1956 |||y0rusy50 ca | ||
| 101 | 1 |
_arus _cukr |
|
| 102 | _aRU | ||
| 105 | _aa z |||a| | ||
| 200 | 1 |
_aБорислав смеется _eПовесть _f[Пер. Е. Мозолькова] _gИл.: А. Сафонов] |
|
| 210 |
_aСмоленск _cКн. изд-во _d1956 |
||
| 215 |
_a251 с. _cил. _d21 |
||
| 606 |
_aРабочее движение в Западной Украине _z19 в. (х. л.) _2psbo |
||
| 606 |
_aНефтяники в Западной Украине _z19 в. (х. л.) _2psbo |
||
| 700 | 1 |
_aФранко _bИ.Я. _f1856-1916 _gИван Яковлевич |
|
| 702 | 1 |
_4730 _7ca _8rus _aМозольков _bЕ. С. _f1909-1969 _gЕвгений Семёнович _3RU\NLR\AUTH\770278784 _92650751 |
|
| 702 | 1 |
_aСафонов _bА. _4440 |
|
| 801 | 0 |
_aRU _bNLR _gpsbo |
|
| 801 | 1 |
_aRU _bELAR _2rusmarc |
|
| 852 |
_aNLR _jЛ40 Г-3/1879 |
||
| 942 | _cBOOK | ||
| 980 | _aNB | ||